000 00356 a2200169 4500
001 182688
020 _a85-7666-515-8
040 _cMagnum
100 _aBarreto, Lima
240 1 0 _aClara dos Anjos
_lpor
245 1 0 _aClara dos Anjos
300 _a149
362 0 _a2006
440 1 _aEscala Educacional
697 _aLITERATURA GERAL
942 _cBK
999 _c182688
_d182688